The African Queen / (Record no. 7922)
[ view plain ]
| 000 -LEADER | |
|---|---|
| fixed length control field | 01304cam a2200385 i 4500 |
| 001 - CONTROL NUMBER | |
| JCCL Control Number | 7922 |
| 003 - CONTROL NUMBER IDENTIFIER | |
| JCCL marc code | BD-JhCC |
| 005 - DATE AND TIME OF LATEST TRANSACTION | |
| control field | 20180215123613.0 |
| 008 - FIXED-LENGTH DATA ELEMENTS--GENERAL INFORMATION | |
| fixed length control field | 150731s2008 enka 000 1 eng d |
| 020 ## - INTERNATIONAL STANDARD BOOK NUMBER | |
| International Standard Book Number | 9780194791649 |
| 020 ## - INTERNATIONAL STANDARD BOOK NUMBER | |
| International Standard Book Number | 0194791645 |
| 035 ## - SYSTEM CONTROL NUMBER | |
| system control number | (OCoLC)ocn361245060 |
| -- | (BD-JhCC07922 |
| 040 ## - CATALOGING SOURCE | |
| Original cataloging agency | VLB |
| Transcribing agency | VLB |
| Modifying agency | YDXCP |
| -- | OCLCF |
| -- | CNEDM |
| -- | CHVBK |
| -- | DLC |
| -- | BD-JhCC |
| Description conventions | rda |
| 041 ## - LANGUAGE CODE | |
| Language code of Book | eng |
| 050 00 - LIBRARY OF CONGRESS CALL NUMBER | |
| Classification number | PR6011.O56 |
| Item number | A69 2008 |
| 082 04 - DEWEY DECIMAL CLASSIFICATION NUMBER | |
| Classification number | 428.6 |
| DDC Edition number | 22 |
| Author mark and Year | FOR 2008 |
| 100 1# - MAIN ENTRY--PERSONAL NAME | |
| Personal name | Forester, C. S. |
| Fuller form of name | (Cecil Scott), |
| Dates associated with a name | 1899-1966. |
| 245 14 - TITLE STATEMENT | |
| Title | The African Queen / |
| Statement of responsibility, etc | C.S. Forester ; retold by Clare West ; illustrated by Ron Tiner. |
| 250 ## - EDITION STATEMENT | |
| Edition statement | Simplified edition. |
| 300 ## - PHYSICAL DESCRIPTION | |
| Pagination | 88 pages : |
| Other physical details | illustrations ; |
| Dimensions | 20 cm. |
| 490 1# - SERIES STATEMENT | |
| Series statement | Oxford bookworms library. Stage 4, Human interest |
| 650 #0 - SUBJECT ADDED ENTRY--TOPICAL TERM | |
| Topical term or geographic name as entry element | High interest-low vocabulary books. |
| 650 #0 - SUBJECT ADDED ENTRY--TOPICAL TERM | |
| Topical term or geographic name as entry element | World War, 1914-1918 |
| Geographic subdivision | Africa, Central |
| Form subdivision | Fiction. |
| 650 #0 - SUBJECT ADDED ENTRY--TOPICAL TERM | |
| Topical term or geographic name as entry element | Man-woman relationships |
| Form subdivision | Fiction. |
| 650 #7 - SUBJECT ADDED ENTRY--TOPICAL TERM | |
| Topical term or geographic name as entry element | High interest-low vocabulary books. |
| 650 #7 - SUBJECT ADDED ENTRY--TOPICAL TERM | |
| Topical term or geographic name as entry element | Man-woman relationships. |
| 650 #7 - SUBJECT ADDED ENTRY--TOPICAL TERM | |
| Topical term or geographic name as entry element | Fremdsprachenlektüre. |
| 651 #0 - SUBJECT ADDED ENTRY--GEOGRAPHIC NAME | |
| Geographic name | Africa, Central |
| Form subdivision | Fiction. |
| 651 #7 - SUBJECT ADDED ENTRY--GEOGRAPHIC NAME | |
| Geographic name | Africa, Central. |
| 655 #7 - | |
| Genre/form data or focus term | Fiction. |
| Source of term | fast |
| 700 1# - ADDED ENTRY--PERSONAL NAME | |
| Personal name | West, Clare |
| 830 #0 - SERIES ADDED ENTRY--UNIFORM TITLE | |
| Uniform title | Oxford bookworms library. |
| 942 ## - ADDED ENTRY ELEMENTS (KOHA) | |
| Source of classification or shelving scheme | Dewey Decimal Classification |
| Koha item type | Books |
| Source of classification or shelving scheme | Damaged status | Not for loan | Home library | Current library | Shelving location | Total Checkouts | Full call number | Barcode | Date last seen | Copy number | Koha item type |
|---|---|---|---|---|---|---|---|---|---|---|---|
| Dewey Decimal Classification | JCC Rouf Library | JCC Rouf Library | General Stacks | 428.6 FOR 2008 | 10385 | 02/15/2018 | C - 1 | Books |